000 00937nam a2200253 4500
999 _c80991
_d318268
003 OSt
005 20220723121901.0
008 150325s2015 jo f00 000 0 ara c
020 _a9789957911492
040 _aMa-Un
_bara
_cMa-Un
082 0 4 _a658.562
_bم ي س
_221
100 1 _aملحم، يحيى سليم
_995025
245 1 0 _a6 سيجما من منظور نوعي /
_cيحيى سليم ملحم.
246 3 3 _aSix سيجما من منظور نوعي
250 _aط. 1.
264 _aعمان، الأردن :
_bدار وائل للنشر والتوزيع،
_c2015
_m1436
300 _a230 ص. :
_bإيض. ؛
_c24 سم.
504 _aيشتمل على قائمة ببليوجرافية.
650 7 _aضبط الجودة
_xمعايير
_963509
650 7 _aإدارة الجودة الشاملة
_xمعايير
_969553
650 7 _aستة سيجما (معيار ضبط جودة)
_995027
942 _2ddc
_cBOOK
535 2 _a3